Missing Sitcom Characters By Image Quiz Stats

 Plays Quiz not verified by Sporcle

Support Sporcle.
Go Orange.
Score 0/15 Timer 03:00
1 Play Today
% Correct
Brian Griffin (Family Guy)
93.4%
Kenny McCormick (South Park)
93.4%
Ross Geller (Friends)
93.2%
Leonard Hofstadter (The Big Bang Theory)
92.5%
The Tick (The Tick)
89.6%
Meatwad (Aqua Teen Hunger Force)
89.5%
Boomhauer (King of the Hill)
87.5%
Mary Ann Summers (Gilligan's Island)
87.4%
% Correct
Elaine Benes (Seinfeld)
85.4%
Lenny Kosnowski (Laverne & Shirley)
80.4%
Sam Malone (Cheers)
79.3%
Doug Heffernan (The King of Queens)
77%
Britta Perry (Community)
74.5%
Adam Rhodes (Rules of Engagement)
68.4%
Frank Reynolds (It's Always Sunny in Philadelphia)
66.6%

You're not logged in!

Compare scores with friends on all Sporcle quizzes.
OR
Log In

From the Vault

1st Letter Elements 5 to 1

by sproutcm

If we had things our way, the only element starting with 'K' would be Kyrgyzstanium.
Remove Ads.
Support Sporcle.
Get the best of Sporcle when you Go Orange. This ad-free experience offers more features, more stats, and more fun while also helping to support Sporcle. Thank you for becoming a member.

Show Comments

Extras

Top Quizzes Today


Score Distribution

Your Account Isn't Verified!

In order to create a playlist on Sporcle, you need to verify the email address you used during registration. Go to your Sporcle Settings to finish the process.

Report this User

Report this user for behavior that violates our Community Guidelines.

Details: